SPICE circuit handbook
Zapisane w:
| 1. autor: | |
|---|---|
| Format: | Sách |
| Język: | Undetermined |
| Wydane: |
McGraw-Hill
2006
|
| Hasła przedmiotowe: | |
| Etykiety: |
Dodaj etykietę
Nie ma etykietki, Dołącz pierwszą etykiete!
|
| Thư viện lưu trữ: | Trung tâm Thư viện - Trường Đại học Công nghiệp TP. Hồ Chí Minh |
|---|
| LEADER | 00564nam a2200157Ia 4500 | ||
|---|---|---|---|
| 001 | UIH_05283 | ||
| 008 | 231011s9999 xx 000 0 und d | ||
| 082 | |a 621.38 | ||
| 100 | |a Sandler, Steven M | ||
| 245 | 0 | |a SPICE circuit handbook | |
| 245 | 0 | |c Sandler, Steven M | |
| 260 | |b McGraw-Hill | ||
| 260 | |c 2006 | ||
| 650 | |a Electronic circuits; Electronic circuit design; Mạch điện tử; Thiết kế mạch điện tử; | ||
| 927 | |a Sách | ||
| 980 | |a Trung tâm Thư viện - Trường Đại học Công nghiệp TP. Hồ Chí Minh | ||